[Event "EU Union-ch U12"]
[Site "Roznov pod Radhostem"]
[Date "2024.08.11"]
[Round "7"]
[White "Sweetman, Hugo"]
[Black "Ochkova, Vasilena"]
[Result "1/2-1/2"]
[WhiteElo "1493"]
[BlackElo "1587"]
[PlyCount "49"]
[EventDate "2024.08.05"]
[EventType "swiss"]
[EventRounds "9"]
[EventCountry "CZE"]
[SourceTitle "EXT 2025"]
[Source "ChessBase"]
[SourceDate "2024.10.14"]
[SourceVersion "1"]
[SourceVersionDate "2024.10.14"]
[SourceQuality "1"]

1. d4 Nf6 2. Nc3 d5 3. Bf4 c6 4. e3 g6 5. Bd3 Bg7 6. Nf3 0-0 7. Qd2 Re8 8. h4 h5 9. Nh2 Nbd7 10. 0-0-0 e5 11. dxe5 Nxe5 12. Bxe5 Rxe5 13. Nf3 Re8 14. Ng5 Nh7 15. Nxh7 Kxh7 16. Kb1 Qf6 17. Rde1 Bf5 18. Bxf5 Qxf5 19. Re2 Rad8 20. Qd3 Qxd3 21. cxd3 d4 22. exd4 Rxe2 23. Nxe2 Bxd4 24. Nxd4 Rxd4 25. Kc2 1/2-1/2

[Event "EU Union-ch U12"]
[Site "Roznov pod Radhostem"]
[Date "2024.08.10"]
[Round "6"]
[White "Ochkova, Vasilena"]
[Black "Bannoura, Daniel"]
[Result "0-1"]
[WhiteElo "1587"]
[BlackElo "1483"]
[PlyCount "46"]
[EventDate "2024.08.05"]
[EventType "swiss"]
[EventRounds "9"]
[EventCountry "CZE"]
[SourceTitle "EXT 2025"]
[Source "ChessBase"]
[SourceDate "2024.10.14"]
[SourceVersion "1"]
[SourceVersionDate "2024.10.14"]
[SourceQuality "1"]

1. e4 c5 2. Nc3 g6 3. g3 Bg7 4. Bg2 Nc6 5. d3 d6 6. Nge2 a6 7. 0-0 e5 8. Be3 Be6 9. Qd2 b5 10. a3 h5 11. h4 Qd7 12. Kh2 Nh6 13. f3 Nd4 14. Ng1 f5 15. Bh3 Ng4+ 16. fxg4 hxg4 17. Bg2 f4 18. gxf4 Qe7 19. Bf2 exf4 20. Kh1 g3 21. Bxg3 fxg3 22. Nf3 Nxf3 23. Bxf3 Qxh4+ 0-1